<A> Note on the Construction of Stock Market Networks
Guardado en:
| Autor principal: | |
|---|---|
| Formato: | Capítulo de libro |
| Lenguaje: | inglés |
| Etiquetas: |
Sin Etiquetas, Sea el primero en etiquetar este registro!
|
MARC
| LEADER | 00000nla a2200000 4500 | ||
|---|---|---|---|
| 001 | 0183696 | ||
| 005 | 20240502083431.8 | ||
| 041 | 0 | |a eng | |
| 044 | |a CZ | ||
| 245 | 1 | 0 | |a <A> Note on the Construction of Stock Market Networks |c Tomáš Výrost |
| 100 | 1 | |a Výrost, Tomáš, 1978- | |